Harry Potter 3 Word Character Challenge: Quiz Stats

 Plays Quiz not verified by Sporcle

Challenge
Share
Tweet
Embed
Score 0/22 Timer 10:00
0 Plays Today
% Correct
Luna Lovegood
93.8%
Fat Friar
92.8%
Hermione Granger
92.3%
Fluffy
92.3%
Wormtail
91.8%
Rita Skeeter
91.8%
Dobby
90.8%
Ron Weasley
89.7%
Harry Potter
89.7%
Horace Slughorn
89.7%
Vincent Crabbe
89.7%
% Correct
Buckbeak
89.2%
Colin Creevey
89.2%
Gilderoy Lockhart
89.2%
Lee Jordan
88.2%
Arabella Figg
88.2%
Cormac McLaggen
87.2%
Cuthbert Binns
87.2%
Reg Cattermole
80.5%
Lavender Brown
70.3%
Fleur Delacour
56.4%
Dudley Dursley
52.8%

You're not logged in!

Compare scores with friends on all Sporcle quizzes.
Join for Free
OR
Log In

You Might Also Like...

Show Comments

Extras

Top Quizzes Today


Score Distribution

Your Account Isn't Verified!

In order to create a playlist on Sporcle, you need to verify the email address you used during registration. Go to your Sporcle Settings to finish the process.

Report this User

Report this user for behavior that violates our Community Guidelines.

Details: